Un capítulo olvidado por Azorín / (Record no. 140330)

MARC details
000 -LEADER
campo de control de longitud fija 00567nam a2200181 i 4500
001 - NÚMERO DE CONTROL
campo de control 140330
003 - IDENTIFICADOR DE NÚMERO DE CONTROL
campo de control ES-MaACL
005 - FECHA Y HORA DE LA ÚLTIMA TRANSACCIÓN
campo de control 20230906200045.0
007 - CAMPO FIJO DE DESCRIPCIÓN FÍSICA--INFORMACIÓN GENERAL
campo de control de longitud fija t|
008 - DATOS DE LONGITUD FIJA--INFORMACIÓN GENERAL
campo de control de longitud fija 070214s1947 sp r ||||1| spa d
100 1# - ENTRADA PRINCIPAL--NOMBRE DE PERSONA
Nombre de persona Segura Otaño, Enrique.
9 (RLIN) 105204
245 13 - MENCIÓN DEL TÍTULO
Título Un capítulo olvidado por Azorín /
Mención de responsabilidad, etc. Enrique Segura.
260 ## - PUBLICACIÓN, DISTRIBUCIÓN, ETC.
Lugar de publicación, distribución, etc. Madrid :
Nombre del editor, distribuidor, etc. [s. n.],
Fecha de publicación, distribución, etc. 1947.
300 ## - DESCRIPCIÓN FÍSICA
Extensión 7 p. ;
Dimensiones 25 cm.
500 ## - NOTA GENERAL
Nota general Separata de: Cuadernos de Literatura, fasc. 2, abril 1947, p. 261-267.
651 #4 - PUNTO DE ACCESO ADICIONAL DE MATERIA--NOMBRE GEOGRÁFICO
Nombre geográfico Extremadura-
Subdivisión general En la literatura.
9 (RLIN) 164638
852 ## - LOCALIZACIÓN
Ubicación ES-MaACL
Número de control de estantería 1866-F-20
Holdings
Estatus retirado Estado de pérdida Estado de daño No para préstamo Colección Biblioteca de origen Biblioteca actual Ubicación en estantería Fecha de adquisición Fuente de adquisición Total de préstamos Signatura topográfica completa Código de barras Visto por última vez Precio de reemplazo Tipo de ítem Koha
        Colección de folletos Biblioteca del Ateneo de Madrid Biblioteca del Ateneo de Madrid Depósito folletos 17/01/2008     1866-F-20 1146029 23/02/2023 23/02/2023 Folleto